000 00746nam a22002291a 4500
003 OSt
005 20110718133351.0
008 091005s1980 001 0 eng d
020 _c0.00
040 _aNEGST Library - Kenya
_bDLC
_cDLC
_dDLC
050 4 _aREF BS 325.I95 1980
100 1 _aInternational Bible Society.
_97950
245 1 0 _aOgbandzu Ophuu :
_bsgu l'eka chileke
260 _aJos :
_bInternational Bible Soci,
_c1980.
300 _aviii, 659 p.
500 _a"The New Testament in Izi." - T.p. verso. [Africana]
600 1 0 _aIzi language - Texts.
_97951
600 1 0 _aBible. N.T. Izi. 1980.
_97952
700 1 _aNigeria Bible Translation Trust.
_97953
942 _2lcc
_cBK
999 _c40836
_d40836